Thơ Đường Tập 1

Gespeichert in:
Bibliographische Detailangaben
Format: Buch
Sprache:Vietnamese
Veröffentlicht: H. Văn học 1987
Ausgabe:In lần thứ hai
Schriftenreihe:Văn học cổ điển nước ngoài. Văn học Trung Quốc
Schlagworte:
Tags: Tag hinzufügen
Keine Tags, Fügen Sie den ersten Tag hinzu!
Thư viện lưu trữ: Mạng thư viện Đại học Đà Nẵng
LEADER 01106nam a2200349 4500
001 000004335
003 473
005 20121211001218.0
008 110719s1987 viesd
020 |c 16000 
041 0 |a vie 
082 |a 895.1  |b THƠ 
245 0 0 |a Thơ Đường  |n Tập 1 
250 |a In lần thứ hai 
260 |a H.  |b Văn học  |c 1987 
300 |a 347 tr.  |c 19 cm. 
490 |a Văn học cổ điển nước ngoài. Văn học Trung Quốc 
500 |a Bộ sách gồm 2 tập 
653 |a Văn học Trung Quốc 
653 |a Thơ Trung Quốc 
773 |t Thơ Đường  |w 472 
910 |a Thi  |d 19/7/2011 
OWN |a LSP 
AVA |a UDN50  |b LSP  |d 895.1 THƠ  |e available  |t Error 5001 Not defined in file expand_doc_bib_avail.  |f 2  |g 1  |h N  |i 0  |k 1 
999 |a From the UDN01 
AVA |a UDN50  |b LSP  |d 895.1 THƠ  |e available  |t Error 5001 Not defined in file expand_doc_bib_avail.  |f 2  |g 1  |h N  |i 0  |k 1 
TYP |a Monograph 
TYP |a Printed language 
980 |a Mạng thư viện Đại học Đà Nẵng